000 00459nam a2200145 a 4500
001 000035004
005 20200930074036.0
008 111024s1958 cu 000 0 spa d
040 _aDO-SdBNP
_bspa
_cBNPHU
100 1 _aIznaga, Alcides
_960618
245 1 4 _aLos valedontes :
_bnovela /
_cAlcides Iznaga.
260 _aLa Habana :
_bUniversidad Central de las Villas, Departamento de Relaciones Culturales,
_c1958.
300 _a202 p. ;
_c21 cm.
049 _aBNPD
999 _c34495
_d34495